<?xml version="1.0" encoding="UTF-8"?>
<record
    xmlns:xsi="http://www.w3.org/2001/XMLSchema-instance"
    xsi:schemaLocation="http://www.loc.gov/MARC21/slim http://www.loc.gov/standards/marcxml/schema/MARC21slim.xsd"
    xmlns="http://www.loc.gov/MARC21/slim">

  <leader>00654cam a22002171a 4500</leader>
  <controlfield tag="001">ne 67000205 </controlfield>
  <controlfield tag="003">DLC</controlfield>
  <controlfield tag="005">20260227111829.0</controlfield>
  <controlfield tag="008">920721s1965    le            000 0 arar </controlfield>
  <datafield tag="010" ind1=" " ind2=" ">
    <subfield code="a">ne 67000205 </subfield>
  </datafield>
  <datafield tag="035" ind1=" " ind2=" ">
    <subfield code="a">(OCoLC)26226729</subfield>
  </datafield>
  <datafield tag="040" ind1=" " ind2=" ">
    <subfield code="a">DLC</subfield>
    <subfield code="c">UU</subfield>
    <subfield code="d">DLC</subfield>
  </datafield>
  <datafield tag="050" ind1="0" ind2="0">
    <subfield code="a">BP166</subfield>
    <subfield code="b">.F3</subfield>
  </datafield>
  <datafield tag="100" ind1="1" ind2=" ">
    <subfield code="a">Fandal&#x101;w&#x12B;, Y&#x16B;suf ibn D&#x16B;n&#x101;s,</subfield>
    <subfield code="d">-1148 or 1149.</subfield>
  </datafield>
  <datafield tag="245" ind1="1" ind2="0">
    <subfield code="a">Fatw&#xE1; al-Fandal&#x101;w&#x12B; wa-qi&#x1E63;&#x1E63;atuh&#x101; /</subfield>
    <subfield code="c">Jaw&#x101;d al-Mur&#x101;bi&#x1E6D;.</subfield>
  </datafield>
  <datafield tag="250" ind1=" " ind2=" ">
    <subfield code="a">al-&#x1E6C;a&#x2BB;bah 1</subfield>
  </datafield>
  <datafield tag="260" ind1=" " ind2=" ">
    <subfield code="a">Bayr&#x16B;t :</subfield>
    <subfield code="b">D&#x101;r al-Kit&#x101;b al-Jad&#x12B;d,</subfield>
    <subfield code="c">1965</subfield>
  </datafield>
  <datafield tag="300" ind1=" " ind2=" ">
    <subfield code="a">60 p. ;</subfield>
    <subfield code="c">25 cm.</subfield>
  </datafield>
  <datafield tag="650" ind1=" " ind2="0">
    <subfield code="a">Islam</subfield>
    <subfield code="x">Doctrines</subfield>
    <subfield code="v">Early works to 1800.</subfield>
  </datafield>
  <datafield tag="700" ind1="1" ind2=" ">
    <subfield code="a">Mur&#x101;bi&#x1E6D;, Jaw&#x101;d.</subfield>
  </datafield>
  <datafield tag="999" ind1=" " ind2=" ">
    <subfield code="c">49355</subfield>
    <subfield code="d">49355</subfield>
  </datafield>
</record>
